Rozvoj jazykových zručností prostredníctvom moderných technológií

Od tradičného k modernému prístupu k učeniu sa cudzích jazykov. Moderné technológie vo vyučovacom procese. Dôležitosť kontaktu učiteľa so študentmi.

Salvato in:
Dettagli Bibliografici
Autore principale: Stradiotová, Eva, 1963-
Natura: Capitolo di libro
Lingua:slovacco
Soggetti:
Tags: Aggiungi Tag
Nessun Tag, puoi essere il primo ad aggiungerne!!

MARC

LEADER 00000naa$a2200000$$$4500
001 0254439
005 20240502074052.1
041 0 |a slo 
044 |a SK 
245 1 0 |a Rozvoj jazykových zručností prostredníctvom moderných technológií  |c Eva Stradiotová 
520 |a Od tradičného k modernému prístupu k učeniu sa cudzích jazykov. Moderné technológie vo vyučovacom procese. Dôležitosť kontaktu učiteľa so študentmi. 
610 2 0 |a vzdelávanie 
610 2 0 |a jazyky cudzie 
610 2 0 |a technológie informačné 
610 2 0 |a technológie komunikačné 
610 2 0 |a internet 
610 2 0 |a pošta elektronická 
610 2 0 |a komunikácia elektronická 
610 2 0 |a učitelia 
610 2 0 |a študenti 
100 1 |a Stradiotová, Eva, 1963-